|
|
|
|
| LEADER |
00849nam a2200229 a 4500 |
| 001 |
014127920 |
| 008 |
090719s1963 nyu 000 1 eng d |
| 999 |
|
|
|c 8645
|d 8645
|
| 020 |
|
|
|a 0030120608
|
| 040 |
|
|
|a Uk
|b eng
|c Uk
|
| 082 |
|
|
|a 811/.5/2
|2 16
|
| 100 |
1 |
|
|a Frost, Robert,
|d 1874-1963.
|9 29818
|
| 245 |
1 |
0 |
|a Selected Poems of Robert Frost /
|c with introduction by Robert Graves.
|
| 260 |
|
|
|a New York :
|b Holt,
|c c1963
|
| 300 |
|
|
|a xxiv, 327 pages ;
|c 21 cm.
|
| 504 |
|
|
|a Includes Indexes.
|
| 541 |
1 |
|
|e 00010053
|
| 600 |
1 |
0 |
|a Frost, Robert,
|d 1874-1963.
|9 29819
|
| 700 |
1 |
|
|a Graves, Robert,
|d 1895-1985.
|9 29820
|
| 852 |
4 |
|
|a Ayesha Abed Library
|j General Shelf.
|
| 942 |
0 |
0 |
|0 1
|2 ddc
|c BK
|
| 952 |
|
|
|0 0
|1 0
|2 ddc
|4 0
|6 811_520000000000000_FRO
|7 0
|9 10336
|a BRACUL
|b BRACUL
|c GEN
|d 2010-05-19
|l 7
|m 71
|o 811.52 FRO
|p 3010010053
|r 2020-02-04
|s 2020-01-28
|t 1
|w 2010-05-19
|y BK
|